| 000 | 00492 a2200157 4500 | ||
|---|---|---|---|
| 020 | _a9698553002 | ||
| 082 | _a358.40095 | ||
| 090 |
_c7332 _d7332 |
||
| 100 | _aShaheen Foundation | ||
| 245 |
_aThe story of the Pakistan Air Force 1988-1998 _bA battle against odds _cShaheen Foundation |
||
| 260 |
_aIslamabad (Pakistan) _bShaheen Foundation _c2000 |
||
| 300 |
_a414 p. ; _bill. ; _c25 cm. |
||
| 500 | _aIncludes index | ||
| 650 | _a1. History of Pakistan Air Force. | ||
| 942 |
_cBK _k358.40095 SHA |
||
| 999 |
_c11135 _d11135 |
||